000 00592nam a2200193Ia 4500
008 220531s9999 xx 000 0 und d
041 _amar
082 _a-
100 _aदेशमुख पी .जी आणि इतर
_964522
245 _aविपणन व्‍यवस्‍थापन ३ जाहिरात व्‍यवस्‍थापन
250 _a1ST
260 _aPune
_bSuccess
_c2015
300 _a8.2
542 _d14-09-2015
551 _aCommerce
_bGrantebal-C
650 _aAdvertising
_964523
906 _d2015-2016
999 _c36575
_d36575